| 000 | 00801nam a2200289Ia 4500 | ||
|---|---|---|---|
| 001 | Z_1102 | ||
| 003 | CHAP | ||
| 008 | 220113s1989 xx 000 0 und d | ||
| 010 | _a164182 | ||
| 040 | _cCHAP | ||
| 082 | _a633.2 L3 | ||
| 100 |
_aLauenroth, W K _965101 |
||
| 245 |
_aSecondary succession and the evaluation of rangeland condition / _cby W. K. Lauenroth and W. A. Laycock |
||
| 260 |
_aBoulder, Colorado : _bWestview Press, _c1989 |
||
| 300 | _a163 p | ||
| 440 |
_aWestview special studies in agricultural science and policy _9121584 |
||
| 500 | _a | ||
| 503 | _a156776 | ||
| 650 |
_aPastizales _985916 |
||
| 650 |
_aPastos I. Laycock, W. A. II. t. _9138263 |
||
| 901 | _a633.2 L3 | ||
| 902 | _aA | ||
| 910 | _a1989 | ||
| 942 | _c1 | ||
| 942 | _cc1 | ||
| 999 |
_c164182 _d164182 |
||